[Event "CZE-chT2C 2223"]
[Site "Czech Republic"]
[Date "2023.03.05"]
[Round "10.5"]
[White "Soucek, Milan"]
[Black "Kandrik, Antonin"]
[Result "0-1"]
[WhiteElo "1958"]
[BlackElo "2102"]
[PlyCount "58"]
[EventDate "2022.10.16"]
[EventType "team-tourn"]
[EventRounds "11"]
[EventCountry "CZE"]
[SourceTitle "EXT 2024"]
[Source "ChessBase"]
[SourceDate "2023.10.10"]
[SourceVersion "1"]
[SourceVersionDate "2023.10.10"]
[SourceQuality "1"]
[WhiteTeam "Kolin"]
[BlackTeam "Praha DDM"]
[WhiteTeamCountry "CZE"]
[BlackTeamCountry "CZE"]

1. e4 c5 2. Nf3 g6 3. d4 cxd4 4. c3 Bg7 5. Bc4 d3 6. Qxd3 Nc6 7. Qe2 Nf6 8. h3 d6 9. 0-0 0-0 10. Rd1 Qc7 11. Bf4 Nd7 12. Nbd2 b6 13. Nf1 Nde5 14. Nxe5 Nxe5 15. Bd5 Rb8 16. Ne3 b5 17. Bg3 Qb6 18. Kh2 a5 19. Rab1 Ba6 20. Qd2 b4 21. cxb4 axb4 22. f4 Nd7 23. Bf2 Nc5 24. f5 e6 25. f6 Bxf6 26. Ng4 Bg7 27. Bb3 Nxe4 28. Qf4 Nxf2 29. Nxf2 Be5 0-1

[Event "CZE-chT2A 1920"]
[Site "Czech Republic"]
[Date "2019.11.17"]
[Round "3.6"]
[White "Loskot, Petr"]
[Black "Kandrik, Antonin"]
[Result "1-0"]
[WhiteElo "2071"]
[BlackElo "2082"]
[PlyCount "73"]
[EventDate "2019.10.13"]
[EventType "team-tourn"]
[EventRounds "11"]
[EventCountry "CZE"]
[SourceTitle "EXT 2024"]
[Source "ChessBase"]
[SourceDate "2023.10.10"]
[SourceVersion "1"]
[SourceVersionDate "2023.10.10"]
[SourceQuality "1"]
[WhiteTeam "Tabor"]
[BlackTeam "Pribram Banik"]
[WhiteTeamCountry "CZE"]
[BlackTeamCountry "CZE"]

1. e4 c5 2. Nf3 g6 3. c3 d5 4. exd5 Qxd5 5. d4 cxd4 6. cxd4 Bg7 7. Nc3 Qa5 8. Bc4 Nf6 9. Ng5 0-0 10. Qb3 e6 11. 0-0 Na6 12. a3 Nc7 13. Bd2 Ncd5 14. Nce4 Qd8 15. Nxf6+ Qxf6 16. Nf3 Nb6 17. Bg5 Qf5 18. Be2 Bd7 19. Rac1 Bc6 20. Rc5 Bd5 21. Qe3 Qe4 22. Qd2 Rac8 23. Bd3 Qg4 24. h3 Qh5 25. Be2 Rxc5 26. dxc5 Nc4 27. Qf4 f6 28. Bh4 g5 29. Qc1 Nxb2 30. Bg3 Na4 31. Qc2 Qe8 32. Nd4 a6 33. Bd6 Rf7 34. Bh5 e5 35. Nf5 Qc6 36. Bxf7+ Kxf7 37. Ne7 1-0

[Event "CZE-chT2A 1819"]
[Site "Czech Republic"]
[Date "2018.12.16"]
[Round "5.7"]
[White "Turner, Radek"]
[Black "Kandrik, Antonin"]
[Result "0-1"]
[WhiteElo "2008"]
[BlackElo "2136"]
[PlyCount "98"]
[EventDate "2018.10.14"]
[EventType "team-tourn"]
[EventRounds "11"]
[EventCountry "CZE"]
[SourceTitle "EXT 2022"]
[Source "ChessBase"]
[SourceDate "2021.10.06"]
[SourceVersion "1"]
[SourceVersionDate "2021.10.06"]
[SourceQuality "1"]
[WhiteTeam "Line"]
[BlackTeam "Pribram Banik"]
[WhiteTeamCountry "CZE"]
[BlackTeamCountry "CZE"]

1. c4 Nf6 2. Nc3 e6 3. e3 d5 4. Nf3 Bd6 5. Qc2 c6 6. b3 Nbd7 7. Bb2 a6 8. Be2 Qe7 9. d4 e5 10. dxe5 Nxe5 11. Nxe5 Bxe5 12. cxd5 cxd5 13. Na4 Bd7 14. Bxe5 Qxe5 15. Qb2 Qxb2 16. Nxb2 Rc8 17. Bd3 Ke7 18. f3 g5 19. h3 h5 20. Kd2 h4 21. Rac1 Kd6 22. Rxc8 Rxc8 23. Rb1 Nh5 24. Nd1 f5 25. Nf2 Ke5 26. Re1 Re8 27. Be2 Ng3 28. f4+ Kf6 29. fxg5+ Kxg5 30. Nd3 Ne4+ 31. Kc2 Bb5 32. a4 Rc8+ 33. Kb2 Bxd3 34. Bxd3 f4 35. exf4+ Kxf4 36. Be2 Rc3 37. Rd1 Re3 38. Rf1+ Ke5 39. Bf3 Nd2 40. Rf2 Nxf3 41. gxf3 d4 42. Kc2 Kf4 43. Rg2 Rxf3 44. Rg4+ Ke3 45. Rxh4 Rf2+ 46. Kc1 Rf1+ 47. Kb2 d3 48. Rh7 d2 49. Re7+ Kf2 0-1